00254nam a2200109Ia 4500008004100000100001700041245002800058250001200086260002700098300001100125650000800136191201s2009 xx 000 0 und d aCASE, Karl.E 0aPrinciples of Economics aIMP 2nd aN.DelhibPearsonc2009 a784+51 aMBA